<?xml version="1.0" encoding="UTF-8"?>
<record
    xmlns:xsi="http://www.w3.org/2001/XMLSchema-instance"
    xsi:schemaLocation="http://www.loc.gov/MARC21/slim http://www.loc.gov/standards/marcxml/schema/MARC21slim.xsd"
    xmlns="http://www.loc.gov/MARC21/slim">

  <leader>01132nam a22003017a 4500</leader>
  <controlfield tag="005">20240530110624.0</controlfield>
  <controlfield tag="008">161231s2015    ua ao  f b    000 0 ara d</controlfield>
  <datafield tag="017" ind1=" " ind2=" ">
    <subfield code="a">2014/17302</subfield>
    <subfield code="b">&#x645;&#x635;&#x631;. &#x62F;&#x627;&#x631; &#x627;&#x644;&#x643;&#x62A;&#x628;</subfield>
  </datafield>
  <datafield tag="020" ind1=" " ind2=" ">
    <subfield code="a">9789777352031</subfield>
  </datafield>
  <datafield tag="040" ind1=" " ind2=" ">
    <subfield code="a">EG-CaGPL</subfield>
    <subfield code="c">EG-CaGPL</subfield>
  </datafield>
  <datafield tag="082" ind1="0" ind2="4">
    <subfield code="2">21</subfield>
    <subfield code="a">726.8\</subfield>
    <subfield code="b">&#x639; &#x643;</subfield>
  </datafield>
  <datafield tag="100" ind1="0" ind2=" ">
    <subfield code="a">&#x639;&#x644;&#x649; &#x628;&#x646; &#x62C;&#x648;&#x647;&#x631; &#x627;&#x644;&#x633;&#x643;&#x631;&#x649; .</subfield>
  </datafield>
  <datafield tag="245" ind1="1" ind2="2">
    <subfield code="a">&#x627;&#x644;&#x643;&#x648;&#x643;&#x628; &#x627;&#x644;&#x633;&#x64A;&#x627;&#x631; &#x627;&#x644;&#x649; &#x642;&#x628;&#x648;&#x631; &#x627;&#x644;&#x627;&#x628;&#x631;&#x627;&#x631; /</subfield>
    <subfield code="c">&#x62A;&#x627;&#x644;&#x64A;&#x641; &#x639;&#x644;&#x649; &#x628;&#x646; &#x62C;&#x648;&#x647;&#x631; &#x627;&#x644;&#x633;&#x643;&#x631;&#x649; .</subfield>
  </datafield>
  <datafield tag="250" ind1=" " ind2=" ">
    <subfield code="a">&#x637;.1</subfield>
  </datafield>
  <datafield tag="260" ind1=" " ind2=" ">
    <subfield code="a">&#x627;&#x644;&#x627;&#x633;&#x643;&#x646;&#x62F;&#x631;&#x64A;&#x629; :</subfield>
    <subfield code="b">&#x62F;&#x627;&#x631; &#x627;&#x644;&#x648;&#x641;&#x627;&#x621; &#x644;&#x62F;&#x646;&#x64A;&#x627; &#x627;&#x644;&#x637;&#x628;&#x627;&#x639;&#x629; &#x648; &#x627;&#x644;&#x646;&#x634;&#x631; &#x60C;</subfield>
    <subfield code="c">2015 .</subfield>
  </datafield>
  <datafield tag="300" ind1=" " ind2=" ">
    <subfield code="a">153 &#x635; :</subfield>
    <subfield code="b">&#x635;&#x648;&#x631; &#x644;&#x648; &#x61B;</subfield>
    <subfield code="c">24 &#x633;&#x645; .</subfield>
  </datafield>
  <datafield tag="504" ind1=" " ind2=" ">
    <subfield code="a">&#x628;&#x628;&#x644;&#x64A;&#x648;&#x62C;&#x631;&#x627;&#x641;&#x64A;&#x629; : &#x635; 133 - 138</subfield>
  </datafield>
  <datafield tag="650" ind1="0" ind2="7">
    <subfield code="2">qrmak</subfield>
    <subfield code="a">&#x627;&#x644;&#x642;&#x628;&#x648;&#x631;</subfield>
  </datafield>
  <datafield tag="650" ind1="0" ind2="7">
    <subfield code="2">qrmak</subfield>
    <subfield code="a">&#x627;&#x644;&#x639;&#x645;&#x627;&#x631;&#x629; &#x627;&#x644;&#x627;&#x633;&#x644;&#x627;&#x645;&#x64A;&#x629; .</subfield>
  </datafield>
  <datafield tag="650" ind1="0" ind2="7">
    <subfield code="2">qrmak</subfield>
    <subfield code="a">&#x627;&#x644;&#x627;&#x636;&#x631;&#x62D;&#x629; .</subfield>
  </datafield>
  <datafield tag="650" ind1="0" ind2="7">
    <subfield code="2">qrmak</subfield>
    <subfield code="a">&#x632;&#x627;&#x648;&#x64A;&#x629; &#x627;&#x644;&#x639;&#x62C;&#x645;&#x649; .</subfield>
  </datafield>
  <datafield tag="650" ind1="0" ind2="7">
    <subfield code="2">qrmak</subfield>
    <subfield code="a">&#x62D;&#x648;&#x634; &#x627;&#x628;&#x648; &#x639;&#x644;&#x649;</subfield>
  </datafield>
  <datafield tag="650" ind1="0" ind2="7">
    <subfield code="2">qrmak</subfield>
    <subfield code="a">&#x636;&#x631;&#x64A;&#x62D; &#x64A;&#x62D;&#x64A;&#x649; &#x627;&#x644;&#x634;&#x628;&#x64A;&#x629; .</subfield>
  </datafield>
  <datafield tag="650" ind1="0" ind2="7">
    <subfield code="2">qrmak</subfield>
    <subfield code="a">&#x628;&#x627;&#x628; &#x627;&#x644;&#x632;&#x63A;&#x644;&#x629; .</subfield>
  </datafield>
  <datafield tag="651" ind1=" " ind2=" ">
    <subfield code="2">qrmak</subfield>
  </datafield>
  <datafield tag="942" ind1=" " ind2=" ">
    <subfield code="2">ddc</subfield>
    <subfield code="c">BK</subfield>
  </datafield>
  <datafield tag="999" ind1=" " ind2=" ">
    <subfield code="c">63114</subfield>
    <subfield code="d">63114</subfield>
  </datafield>
  <datafield tag="952" ind1=" " ind2=" ">
    <subfield code="0">0</subfield>
    <subfield code="1">0</subfield>
    <subfield code="4">0</subfield>
    <subfield code="7">0</subfield>
    <subfield code="a">CAI</subfield>
    <subfield code="b">CAI</subfield>
    <subfield code="c">ART-LIBRARY</subfield>
    <subfield code="d">2017-01-01</subfield>
    <subfield code="l">0</subfield>
    <subfield code="o">726.8\ &#x639; &#x643;</subfield>
    <subfield code="p">163072</subfield>
    <subfield code="r">2017-01-01 00:00:00</subfield>
    <subfield code="w">2017-01-01</subfield>
    <subfield code="y">BK</subfield>
  </datafield>
</record>
